00525 2200193 4500001002100000005001500021035002000036245007300056100001800129250001100147300003000158700002400188260003600212082001200248084001800260020002200278650002000300990001100320INLIS00000000000185420250626100710 a0010-06250000271 aYuk, Berhijab! :bHijab Tanpa Nanti Taat Tanpa Tapi /cFelix Y Siauw0 aFelix Y Siauw acet. 2 a148 hlm :bilust ;c23 cm0 aEmaralda Noor Achni aJakarta :bAlfatih Press,c2015 a297.261 a297.261 FEL y a978-602-1799-74-1 4aPsikologi Islam a003870